000 00825nam a2200229 a 4500
001 000048126
005 20201002060933.0
008 181119s2012 dr a 000 0 spa d
020 _a9789945116557
040 _aDO-SdBNP
_bspa
_cBNPHU
082 _axxxx
_bC238c, 2do., 2012
100 1 _aCapellán Almonte, Fanny
_929766
245 1 0 _aCívica 2 :
_beducación básica /
_cFanny Capellán Almonte; editora Margarita Castro Catrain; ilustración Ruddy Núñez.
260 _aSanto Domingo :
_bSantillana,
_c2012.
300 _a2v. :
_bil., ;
_c28cm.
490 1 _aInnova
505 0 _gv.1.
_tLibro texto --
_gv.2
_tEdición anotada para el profesor y la profesora
590 _aInventariado, 2018/MFF
700 1 _aCastro Castrain, Margarita,
_eed.
_975608
700 1 _aNúñez, Ruddy,
_eil.
_923171
830 0 _aInnova
_929570
999 _c47614
_d47614